Aktualne wydarzenia według roku, 2010–obecnie - Statystyki

Ogólne statystyki
  • Ten quiz został rozwiązany 2 507 razy
  • Średni wynik to 9 z 15
Statystyki odpowiedzi
Rok Wskazówka Odpowiedź % Poprawnych
2022 Państwo zaatakowane przez Rosję Ukraina
99%
2016 Kontrowersyjna gwiazda wybrana na prezydenta USA. Donald Trump
88%
2014 Półwysep zaanektowany przez Rosję Krym
86%
2010 Miasto, w którym otwarto Burdż Chalifa, najwyższy budynek na świecie Dubaj
85%
2013 Nowy papież, który został wybrany – pierwszy z Ameryki Franciszek
82%
2020 Miasto, w którym doszło do pierwszego poważnego wybuchu epidemii COVID-19 Wuhan
82%
2017 Region, którego parlament ogłosił niepodległość od Hiszpanii Katalonia
80%
2024 Producent procesorów graficznych, który stał się najcenniejszą firmą na świecie NVIDIA
67%
2012 Monarcha, która świętowała swój diamentowy jubileusz Królowa Elżbieta II
63%
2023 Firma, która wydała GPT-4 OpenAI
54%
2018 Miejsce odkrycia wody w stanie ciekłym Mars
50%
2019 Miasto, w którym protestowało przeciwko chińskiemu rządowi ponad milion osób Hongkong
40%
2011 Seria protestów, która wstrząsnęła Bliskim Wschodem Arabska wiosna
36%
2015 Porozumienie w sprawie zmian klimatycznych podpisane przez 195 krajów Porozumienie {paryskie}
19%
2021 Wysoce zaraźliwy, ale mniej śmiertelny wariant Covid, który ogarnął świat i ostatecznie doprowadził do zakończenia pandemii Omikron
18%
Nie znaleziono quizów pasujących do podanych kryteriów
Rozkład punktacji
Procent ludzi z każdym wynikiem
Percentyl według liczby udzielonych odpowiedzi
Twoja historia wyników
Nie rozwiązałeś tego quizu